| 000 | 00569nam a22001817a 4500 | ||
|---|---|---|---|
| 999 |
_c16290 _d16290 |
||
| 003 | AR-CdUCM | ||
| 008 | 190503b ||||| |||| 00| 0 spa d | ||
| 040 |
_aMUNICIPALIDAD PROVINCIAL DEL CUSCO _cBIBLIOTECA MUNICIPAL DEL CUSCO |
||
| 082 |
_aC / 372.357 / _bM863 |
||
| 100 |
_aMore, Federico _924430 |
||
| 245 | _aHombres paralelos del Perú y Bolivia / | ||
| 260 |
_aLa Paz : _bLos Andes, _c1918. |
||
| 300 |
_a27 páginas ; _c19 cm. |
||
| 500 | _aEl libro esta mutilado y en mal estado... | ||
| 505 | _aNicolas de Pierola -- | ||
| 942 |
_2ddc _cLIBROS |
||
| 945 | _awfj | ||